000 01145nam a2200313 u 4500
001 000024924
003 DO-SdBNP
005 20250723141738.0
008 090702s1998 dr ac r 000 0 spa d
020 _a8449993067
040 _aDO-SdBNP
_bspa
_cBNPHU
_erda
041 _aspa
082 4 _a972.93052
_bB171i 1998
_222
100 1 _aBalaguer, Joaquín,
_d1906-2002
_eautor
_4aut.
_976556
245 1 3 _aLa isla al revés :
_bHaití y el destino dominicano /
_cJoaquín Balaguer.
250 _aDecima edición
264 1 _aSanto Domingo :
_bEditora Corripio,
_c1998.
300 _a253 páginas :
_bilustraciones, retratos ;
_c23 cm.
336 _atexto
_btxt
_2rdacontent
337 _asin mediación
_bn
_2rdamedia
338 _avolumen
_bnc
_2rdacarrier
500 _aIncluye referencias bibliográficas y notas al píe de las paginas
504 _aBibliografía : páginas 248-253
590 _aInventariado, 2025/BT
650 4 _2República Dominicana
_xHistoria
_y1822-1844
_979013
650 4 _aRepública Dominicana
_xHistoria
_xOcupación haitiana
_y1844-1930
_979014
910 _aValidado. Control de Calidad/MAA
942 _2ddc
_cLBS1
999 _c24417
_d24417